<?xml version="1.0" encoding="UTF-8"?><?xml-stylesheet type="text/xsl" href="static/style.xsl"?><OAI-PMH xmlns="http://www.openarchives.org/OAI/2.0/" xmlns:xsi="http://www.w3.org/2001/XMLSchema-instance" xsi:schemaLocation="http://www.openarchives.org/OAI/2.0/ http://www.openarchives.org/OAI/2.0/OAI-PMH.xsd"><responseDate>2026-04-13T15:11:59Z</responseDate><request verb="GetRecord" identifier="oai:www.recercat.cat:2072/279302" metadataPrefix="marc">https://recercat.cat/oai/request</request><GetRecord><record><header><identifier>oai:recercat.cat:2072/279302</identifier><datestamp>2024-12-13T09:26:21Z</datestamp><setSpec>com_2072_96866</setSpec><setSpec>com_2072_96865</setSpec><setSpec>com_2072_96852</setSpec><setSpec>com_2072_2015</setSpec><setSpec>col_2072_96868</setSpec></header><metadata><record xmlns="http://www.loc.gov/MARC21/slim" xmlns:dcterms="http://purl.org/dc/terms/" xmlns:xsi="http://www.w3.org/2001/XMLSchema-instance" xmlns:doc="http://www.lyncode.com/xoai" xsi:schemaLocation="http://www.loc.gov/MARC21/slim http://www.loc.gov/standards/marcxml/schema/MARC21slim.xsd">
   <leader>00925njm 22002777a 4500</leader>
   <datafield ind2=" " ind1=" " tag="042">
      <subfield code="a">dc</subfield>
   </datafield>
   <datafield ind2=" " ind1=" " tag="720">
      <subfield code="a">Salord Montserrat, Georgina</subfield>
      <subfield code="e">author</subfield>
   </datafield>
   <datafield ind2=" " ind1=" " tag="520">
      <subfield code="a">Treball de Fi de Grau en Criminologia i Polítiques Públiques de Prevenció. Curs 2014-2015</subfield>
   </datafield>
   <datafield ind2=" " ind1=" " tag="520">
      <subfield code="a">Tutora: Aïda Solé i Auró</subfield>
   </datafield>
   <datafield ind2=" " ind1=" " tag="520">
      <subfield code="a">La seguridad ciudadana es un tema que suscita un creciente y mayor interés por parte de los gobiernos locales. No obstante, la respuesta dada a las demandas de seguridad de la sociedad no siempre es adecuada, ya que generalmente se apuesta por endurecer los modelos y las estrategias policiales. Así, se presupone que la sensación de inseguridad de los ciudadanos disminuirá, cuando en realidad hay muchos otros factores que intervienen en la percepción de inseguridad de una persona y que requieren otro tipo de medidas. El estudio que presentamos a continuación tiene el objetivo de analizar estos “otros factores” que influyen en el sentimiento de inseguridad. Queremos testar la relación existente entre la percepción de (in)seguridad de los individuos (hombres y mujeres) mayores de dieciséis años residentes en Cataluña y una serie de variables individuales y ambientales, a partir de los datos recogidos con la Encuesta de Seguridad Pública de Cataluña, edición 2013.</subfield>
   </datafield>
   <datafield ind1="8" ind2=" " tag="024">
      <subfield code="a">http://hdl.handle.net/10230/24748</subfield>
   </datafield>
   <datafield tag="653" ind2=" " ind1=" ">
      <subfield code="a">Treball de fi de grau – Curs 2014-2015</subfield>
   </datafield>
   <datafield tag="653" ind2=" " ind1=" ">
      <subfield code="a">Delinqüència – Catalunya – Opinió pública</subfield>
   </datafield>
   <datafield tag="653" ind2=" " ind1=" ">
      <subfield code="a">Por del crim – Catalunya</subfield>
   </datafield>
   <datafield tag="653" ind2=" " ind1=" ">
      <subfield code="a">Ordre públic – Catalunya</subfield>
   </datafield>
   <datafield tag="653" ind2=" " ind1=" ">
      <subfield code="a">Política pública</subfield>
   </datafield>
   <datafield ind2="0" ind1="0" tag="245">
      <subfield code="a">Estudio de la percepción de inseguridad ciudadana : datos de la Encuesta de Seguridad Pública, edición 2013</subfield>
   </datafield>
</record></metadata></record></GetRecord></OAI-PMH>